Dragnet Movie Acronym Quiz Stats

 Plays Quiz not verified by Sporcle

Score 0/5 Timer 00:45
0 Plays Today
Hint Answer % Correct
AAnd
94.4%
PPeople
88.9%
AAgainst
88.9%
GGoodness
72.2%
NNormalcy
66.7%

You're not logged in!

Compare scores with friends on all Sporcle quizzes.
OR
Log In

Sporcle TV

Today on Sporcle TV


Watch our educational content, quiz creation guides, and fun videos on Sporcle TV.

Show Comments

Extras

Top Quizzes Today


Score Distribution

Your Account Isn't Verified!

In order to create a playlist on Sporcle, you need to verify the email address you used during registration. Go to your Sporcle Settings to finish the process.

Report this User

Report this user for behavior that violates our Community Guidelines.

Details: